[Event "BCF-ch"]
[Site "Hull"]
[Date "2024.07.30"]
[Round "4"]
[White "Merriman, James"]
[Black "Beaumont, Chris"]
[Result "1-0"]
[WhiteElo "1974"]
[BlackElo "2198"]
[PlyCount "59"]
[EventDate "2024.07.27"]
[EventType "swiss"]
[EventRounds "9"]
[EventCountry "ENG"]
[SourceTitle "CB32_2024"]
[SourceDate "2024.08.08"]
[SourceVersion "1"]
[SourceVersionDate "2024.08.08"]
[SourceQuality "1"]

1. d4 Nf6 2. c4 g6 3. f3 Bg7 4. e4 d6 5. Nc3 0-0 6. Bg5 h6 7. Be3 c5 8. d5 e6 9. Qd2 exd5 10. cxd5 Re8 11. Nge2 Nbd7 12. Nc1 a6 13. a4 Rb8 14. Be2 Kh7 15. 0-0 Qc7 16. Rb1 c4 17. b4 h5 18. b5 Ne5 19. b6 Qe7 20. h3 Ng8 21. f4 Nd7 22. Bd4 Bxd4+ 23. Qxd4 Nc5 24. Bf3 Nf6 25. Re1 Bf5 26. N1e2 Nfxe4 27. Nxe4 Nxe4 28. Ng3 Qf6 29. Nxf5 gxf5 30. Rxe4 1-0

[Event "BCF-ch"]
[Site "Hull"]
[Date "2024.07.29"]
[Round "3"]
[White "Kalaiyalahan, Akshaya"]
[Black "Merriman, James"]
[Result "1-0"]
[WhiteElo "2137"]
[BlackElo "1974"]
[PlyCount "129"]
[EventDate "2024.07.27"]
[EventType "swiss"]
[EventRounds "9"]
[EventCountry "ENG"]
[SourceTitle "CB32_2024"]
[SourceDate "2024.08.08"]
[SourceVersion "1"]
[SourceVersionDate "2024.08.08"]
[SourceQuality "1"]

1. d4 Nf6 2. c4 e6 3. g3 c5 4. d5 exd5 5. cxd5 d6 6. Nc3 g6 7. Bg2 Bg7 8. Nf3 0-0 9. 0-0 Re8 10. Bf4 a6 11. a4 h6 12. Qc1 g5 13. Be3 Nbd7 14. h4 g4 15. Nd2 Ne5 16. Qc2 Bd7 17. a5 Qc8 18. Bf4 Bb5 19. Nde4 Nxe4 20. Bxe4 Bd7 21. Na4 Qc7 22. Nb6 Rad8 23. Nxd7 Qxd7 24. Bf5 Qb5 25. Bxe5 Rxe5 26. Bxg4 Rxd5 27. Bf3 Rd4 28. b3 Rb4 29. Ra3 d5 30. Rd1 d4 31. Be4 Re8 32. Bh7+ Kh8 33. Bd3 Qc6 34. Rc1 Re5 35. Qd2 Qe6 36. Bc4 Qg4 37. Ra2 Re3 38. Bd5 Rc3 39. Kg2 Kg8 40. Rac2 Qf5 41. Bc4 Qe4+ 42. Kg1 Rxc2 43. Rxc2 Qe5 44. Qd3 Bf6 45. Qf3 h5 46. Kg2 Kg7 47. Bd5 Rb5 48. Ra2 b6 49. Bc4 Rxa5 50. Rxa5 bxa5 51. Qb7 Be7 52. Qf3 f6 53. Qa8 f5 54. Qe8 Kh6 55. Bf7 f4 56. gxf4 Qe4+ 57. Kg1 Qb1+ 58. Kh2 Bxh4 59. Qf8+ Kh7 60. Bg8+ Kg6 61. f5+ Kg5 62. Qe7+ Kg4 63. f3+ Kf4 64. Qxh4+ Ke3 65. Qe4+ 1-0

[Event "BCF-ch"]
[Site "Hull"]
[Date "2024.07.28"]
[Round "2"]
[White "Banerjee, Supratit"]
[Black "Merriman, James"]
[Result "1-0"]
[WhiteElo "2161"]
[BlackElo "1974"]
[PlyCount "95"]
[EventDate "2024.07.27"]
[EventType "swiss"]
[EventRounds "9"]
[EventCountry "ENG"]
[SourceTitle "CB32_2024"]
[SourceDate "2024.08.08"]
[SourceVersion "1"]
[SourceVersionDate "2024.08.08"]
[SourceQuality "1"]

1. e4 e6 2. d4 d5 3. e5 c5 4. c3 Qb6 5. Nf3 Nc6 6. Be2 cxd4 7. cxd4 Nge7 8. Na3 Nf5 9. Nc2 Bb4+ 10. Kf1 Be7 11. h4 h5 12. b4 Bd7 13. a3 f6 14. Bf4 fxe5 15. Nxe5 Nxe5 16. Bxe5 Bb5 17. a4 Bxe2+ 18. Qxe2 Rc8 19. g3 Bf6 20. Bxf6 0-0 21. a5 Qc6 22. Ne3 Rxf6 23. Nxf5 Rxf5 24. Kg2 Qc2 25. Qxe6+ Kh8 26. Rhf1 Rcf8 27. Qe1 Rf3 28. a6 b6 29. Kg1 Qb2 30. Rd1 Qa2 31. Rc1 Qxa6 32. Rc7 Qd3 33. Qe5 Qg6 34. Rxa7 R3f5 35. Qe3 Qd6 36. b5 R8f6 37. Kg2 Re6 38. Qd3 Ref6 39. Ra8+ Kh7 40. Re1 Kh6 41. Rh8+ Kg6 42. Re5 Qd7 43. Rb8 Qc7 44. Rxf5 Qxb8 45. Rxd5+ Kf7 46. Rd7+ Kg8 47. Qc4+ Kh8 48. Qd5 1-0

[Event "GBR-ch 109th"]
[Site "Leicester"]
[Date "2023.07.27"]
[Round "6"]
[White "Merriman, James"]
[Black "Kanyamarala, Trisha"]
[Result "1/2-1/2"]
[WhiteElo "2067"]
[BlackElo "2344"]
[PlyCount "71"]
[EventDate "2023.07.22"]
[EventType "swiss"]
[EventRounds "9"]
[EventCountry "ENG"]
[SourceTitle "CBM 215 Extra"]
[Source "ChessBase"]
[SourceDate "2023.09.30"]
[SourceVersion "1"]
[SourceVersionDate "2023.09.30"]
[SourceQuality "1"]

1. d4 Nf6 2. c4 e6 3. Nc3 Bb4 4. e3 0-0 5. Bd3 d5 6. a3 Bxc3+ 7. bxc3 b6 8. cxd5 exd5 9. Ne2 c5 10. 0-0 Ba6 11. Ng3 Re8 12. f3 Bxd3 13. Qxd3 Nc6 14. Bb2 h5 15. Rae1 c4 16. Qc2 b5 17. e4 h4 18. Nf5 Nh5 19. Bc1 a5 20. e5 b4 21. Nd6 Rf8 22. f4 bxc3 23. Qe2 g6 24. f5 Ra7 25. Bh6 Ng7 26. Bxg7 Kxg7 27. f6+ Kh7 28. Qg4 Rh8 29. e6 Qxd6 30. e7 Nxe7 31. fxe7 Rxe7 32. Qxh4+ Kg7 33. Qxe7 Qxh2+ 34. Kf2 Qf4+ 35. Ke2 Qg4+ 36. Kf2 1/2-1/2

[Event "BCF-chT 2122 (4NCL)"]
[Site "England"]
[Date "2022.06.26"]
[Round "11.127"]
[White "Merriman, James"]
[Black "Dicen, Elis Denele"]
[Result "1-0"]
[WhiteElo "1861"]
[BlackElo "1673"]
[PlyCount "147"]
[EventDate "2021.11.27"]
[EventType "team-swiss"]
[EventRounds "11"]
[EventCountry "ENG"]
[SourceTitle "EXT 2023"]
[Source "ChessBase"]
[SourceDate "2022.10.05"]
[SourceVersion "1"]
[SourceVersionDate "2022.10.05"]
[SourceQuality "1"]
[WhiteTeam "KJCA Kings"]
[BlackTeam "Warwicks Select"]
[WhiteTeamCountry "ENG"]
[BlackTeamCountry "ENG"]

1. d4 d5 2. c4 e6 3. Nc3 Nf6 4. cxd5 exd5 5. Bg5 c6 6. e3 Be7 7. Bd3 Nbd7 8. Qc2 h6 9. Bh4 Nh5 10. Bxe7 Qxe7 11. Nge2 Nb6 12. 0-0 0-0 13. Rab1 a5 14. a3 Be6 15. b4 axb4 16. axb4 Rfe8 17. Rfc1 Rac8 18. Na4 Nxa4 19. Qxa4 Nf6 20. Nf4 Bd7 21. Qa7 Ng4 22. Rb2 Nf6 23. Qxb7 Rb8 24. Qa7 Rxb4 25. Rxb4 Qxb4 26. Nh5 Qd2 27. Nxf6+ gxf6 28. Ra1 Be6 29. Bf1 Qc2 30. Qb6 Kg7 31. Ra5 Rc8 32. Rc5 Qa4 33. Qa6 Qxa6 34. Bxa6 Rc7 35. Kf1 Kf8 36. Bb5 Bd7 37. e4 dxe4 38. d5 Ke7 39. dxc6 Be6 40. Rh5 Kd6 41. Rxh6 f5 42. Rh3 Kc5 43. Ba6 Kxc6 44. Rc3+ Kd6 45. Rxc7 Kxc7 46. g3 Kd6 47. Ke2 Ke5 48. Ke3 f6 49. Be2 Bg8 50. Bh5 Bh7 51. Be8 Ke6 52. Kf4 Ke7 53. Bb5 Kd6 54. h4 Bg6 55. Bf1 Ke7 56. Be2 Kd6 57. h5 Bh7 58. Bf1 Ke7 59. Bc4 Kd6 60. Bf7 Ke7 61. Bg6 Bxg6 62. hxg6 Kf8 63. Kxf5 Kg7 64. g4 Kh6 65. Kxf6 e3 66. g5+ Kh5 67. fxe3 Kh4 68. g7 Kh3 69. g8Q Kh2 70. g6 Kh1 71. g7 Kh2 72. Qf7 Kh1 73. g8Q Kh2 74. Qfh7# 1-0